00686nam a2200193Ia 4500952014800000999001700148003000400165005001700169008004100186020001800227040000900245082001900254100002300273245008200296260004700378300000900425650001400434942004400448 00102ddc40708ECONOMICSaMESbMEScECO d2019-02-20g737.00l1o330.153 SMI/Ip36401r2022-08-19 00:00:00s2022-08-11w2019-02-20yBKzGL3R3 c11181d11181OSt20201016131840.0190216s9999||||xx |||||||||||||| ||und|| a9780199535927 coclc a330.153bSMI/I aSmith, Adam 95816 0aAn Inquiry in to the Nature And Causes of the Wealth Of Nations /cAdam Smith bOxford University Press,c2008.aNew York: a618p aEconomics cBK2ddch330.153iSMI/Ik330.153mSMI/I